000
00283nam a2200109Ia 4500
008
201216s9999 xx 000 0 und d
100
_a
Rao, T. V.
245
0
_a
Performance Appraisal : Theory and Practice
260
_a
Shahibabad
_b
Vani Educational Books
300
_a
278
942
_c
BK
999
_c
6485
_d
6485